Vista normal Vista MARC

Entrada Geographic Name

Número de registros utilizados en: 1

001 - CONTROL NUMBER

  • control field: 41552

003 - CONTROL NUMBER IDENTIFIER

  • control field: OSt

005 - DATE AND TIME OF LATEST TRANSACTION

  • control field: 20211117114032.0

008 - FIXED-LENGTH DATA ELEMENTS

  • fixed length control field: 211117|| aca||aabn | a|a d

040 ## - CATALOGING SOURCE

  • Original cataloging agency: OSt
  • Transcribing agency: OSt

151 ## - HEADING--GEOGRAPHIC NAME

  • Geographic name: América Latina
  • General subdivision: Política económica
  • Chronological subdivision: Siglo XX

670 ## - SOURCE DATA FOUND

  • Source citation: Work cat.: (OSt)8817: Ferranti, David de, 18366 autor, Asegurando el futuro en una economía globalizada / , ©2000